000 00401nam a2200157 4500
005 20260505111519.0
008 260505b |||||||| |||| 00| 0 eng d
020 _a9781529710977
082 _a370
_bCHA-A
100 _aChandola Tarani, Booker Cara
245 _aArchival And Secondary Data
260 _aLos Angelos
_bSage Publications
300 _a169p
650 _aEducation
942 _cBK
999 _c47511
_d47511